000 00671nam a22001937a 4500
999 _c166662
_d166662
005 20190802122632.0
010 _aUR-10330
020 _c400.00
_a9789388356428
035 _aU-8885
037 _bDBAD/PUB
082 _a840.1
100 _aشر يف ا حمد قر يشی
245 _aنقو ش آ و ا ز
_cشر يف ا حمد قر يشی
246 _bNaqoosh-e-Aawaz (Urdu)
_aby Sharif Ahmad Qureshi
260 _aDelhi
_bEducational Publishing House
_c2018 ء
270 _a3191,Vakil Street,Kucha Pandit,Lal Kuan,
_bDelhi
_e110006
_k23214465
_l00911123211540
300 _a352 ص
_c22 Cm(Hb)
942 _2ddc
_cUR
_h840.1
_mق ر ے